00909cam a2200289 i 4500999001500000001000800015003000400023005001700027008004100044010001700085020002400102040001800126043001200144050001600156082002500172100002900197245007300226260006100299300003500360504003200395650003000427650003000457650003400487700004100521906004500562942001200607 c1010d10101790931OSt20180903113936.0780227s1978 caua b 000 0 eng  a 78003609  a0878081623 :c$5.95 aDLCcDLCdDLC an-ust--00aE99.N3bD5800a280/.4/097913bD659N1 aDolaghan, Thomas,d1927-14aThe Navajos are coming to Jesus /cby Thomas Dolaghan, David Scates. aSouth Pasadena, Calif. :bWilliam Carey Library,cc1978. axiii, 176 p. :bill. ;c22 cm. aBibliography: p. [167]-176. 0aNavajo IndiansxMissions. 0aNavajo IndiansxReligion. 0aChristianityzSouthwest, New.1 aScates, David,d1932-ejoint author. a7bcbccorignewd1eocipf19gy-gencatlg 2ddccBK